header

Historical English word-formation and semantics (Record no. 159634)

MARC details
000 -LEADER
fixed length control field 01351nam a2200313Ia 4500
245 00 - TITLE STATEMENT
Title Historical English word-formation and semantics
260 ## - PUBLICATION, DISTRIBUTION, ETC. (IMPRINT)
Place of publication Frankfurt am Main :
Name of publisher Peter Lang GmbH, Internationaler Verlag der Wissenschaften,
Year of publication c2013.
300 ## - PHYSICAL DESCRIPTION
Number of Pages 503 p. :
Other physical details ill.
490 1# - SERIES STATEMENT
Series statement Warsaw studies in English language and literature ;
650 #0 - SUBJECT ADDED ENTRY--TOPICAL TERM
Topical Term English language
Topical Term English language
700 1# - ADDED ENTRY--PERSONAL NAME
Personal name Fisiak, Jacek.
Personal name Bator, Magdalena.
856 40 - ELECTRONIC LOCATION AND ACCESS
Uniform Resource Identifier http://site.ebrary.com/lib/rucke/Doc?id=10666060

No items available.

© 2026 Rongo University
Contact us: librarian | system librarian | Rongo university